Delhi: (Record no. 54598)

MARC details
000 -LEADER
fixed length control field 01096nam a22002297a 4500
005 - DATE AND TIME OF LATEST TRANSACTION
control field 20110801114628.0
010 ## - LCCN (DPL NO)
LC control number B-423718-719
020 ## - INTERNATIONAL STANDARD BOOK NUMBER
International Standard Book Number 9788173053696
Terms of availability 595.00
035 ## - SYSTEM CONTROL NUMBER
System control number B-423718-719
037 ## - SOURCE OF ACQUISITION
Source of stock number/acquisition Allied Publishers
082 ## - DEWEY DECIMAL CLASSIFICATION NUMBER
Classification number 954.16
100 ## - MAIN ENTRY--PERSONAL NAME
Personal name Smith, R.V.
245 ## - TITLE STATEMENT
Title Delhi:
Remainder of title historical glimpses /
Statement of responsibility, etc by R.V. Smith
260 ## - PUBLICATION, DISTRIBUTION, ETC. (IMPRINT)
Place of publication, distribution, etc New Delhi
Name of publisher, distributor, etc Aryan Books International
Date of publication, distribution, etc 2010
270 ## - ADDRESS
Address Pooja Apartments, 4B, Ansari Road,
City New Delhi
Postal code 110002
300 ## - PHYSICAL DESCRIPTION
Extent 1270p
Dimensions 25cm(Hb)
Other physical details ill.
500 ## - GENERAL NOTE
General note includes index
942 ## - ADDED ENTRY ELEMENTS (KOHA)
Source of classification or shelving scheme Dewey Decimal Classification
Item type English Books
Call number suffix SMI
Classification part 954.16
Holdings
Withdrawn status Lost status Not for loan Collection code Home library Current library Date acquired Source of acquisition Cost, normal purchase price Full call number Barcode Copy number Cost, replacement price Koha item type
      Non-fiction Central Library Central Library 11/08/2011 Allied Publishers/CR/0002704/17.3.11/75/4.3.11/17.3.11 595.00 954.16 SMI B-423718 1 595.00 English Books
      Non-fiction Sarojini Nagar Sarojini Nagar 11/08/2011 Allied Publishers/CR/0002704/17.3.11/75/4.3.11/17.3.11 595.00 954.16 SMI B-423719 1 595.00 English Books

© Delhi Public Library
Hit Counter
free hit counter